[Event "Wch U16 Girls"]
[Site "Montesilvano"]
[Date "2023.11.23"]
[Round "10"]
[White "Mickunaite, Agne"]
[Black "Rice, Lauren"]
[Result "1/2-1/2"]
[WhiteElo "1673"]
[BlackElo "1529"]
[PlyCount "64"]
[EventDate "2023.11.13"]
[EventType "swiss"]
[EventRounds "11"]
[EventCountry "ITA"]
[SourceTitle "CB48_2023"]
[SourceDate "2023.11.29"]
[SourceVersion "1"]
[SourceVersionDate "2023.11.29"]
[SourceQuality "1"]

1. c4 Nf6 2. Nc3 e6 3. d4 Bb4 4. Qc2 c5 5. Nf3 0-0 6. e3 d5 7. Bd2 cxd4 8. exd4 b6 9. a3 Be7 10. cxd5 Nxd5 11. Bd3 Nf6 12. Bg5 Nd5 13. Bxe7 Qxe7 14. Bxh7+ Kh8 15. Ne5 Nd7 16. Be4 Nxe5 17. dxe5 Ba6 18. Bd3 Bxd3 19. Qxd3 Qg5 20. Qh3+ Kg8 21. Nxd5 exd5 22. Qg3 Qxg3 23. hxg3 Rfe8 24. f4 f6 25. 0-0-0 Rac8+ 26. Kb1 fxe5 27. Rxd5 exf4 28. gxf4 Re2 29. g4 Rcc2 30. Rb5 Rg2 31. g5 Rcf2 32. Rb4 Rg4 1/2-1/2

[Event "Wch U16 Girls"]
[Site "Montesilvano"]
[Date "2023.11.22"]
[Round "9"]
[White "Rice, Lauren"]
[Black "Ahn, Anastasia"]
[Result "1/2-1/2"]
[WhiteElo "1529"]
[BlackElo "1795"]
[PlyCount "109"]
[EventDate "2023.11.13"]
[EventType "swiss"]
[EventRounds "11"]
[EventCountry "ITA"]
[SourceTitle "CB48_2023"]
[SourceDate "2023.11.29"]
[SourceVersion "1"]
[SourceVersionDate "2023.11.29"]
[SourceQuality "1"]

1. d4 d5 2. c4 e6 3. Nf3 Nf6 4. g3 dxc4 5. Qa4+ Bd7 6. Qxc4 c5 7. Bg2 b5 8. Qd3 c4 9. Qd1 Nc6 10. 0-0 Rc8 11. Re1 Bb4 12. Nc3 0-0 13. e4 Re8 14. Bf4 a5 15. Nxb5 Bxe1 16. Nxe1 Rf8 17. Nd6 Ra8 18. Nxc4 Ra7 19. Rc1 h6 20. a3 a4 21. Bd6 Re8 22. Bc5 Rb7 23. Nd6 Rxb2 24. Nxe8 Qxe8 25. Nd3 Rb3 26. Bd6 Na7 27. Nc5 Rb2 28. Nd3 Rb3 29. Rb1 Rxb1 30. Qxb1 Nb5 31. Qb4 Qc8 32. Bc5 Qa6 33. Ne5 Be8 34. f3 Nd7 35. Nxd7 Bxd7 36. Bf1 g5 37. d5 exd5 38. exd5 Qb7 39. Qe4 Nc3 40. Qb4 Qxb4 41. Bxb4 Nxd5 42. Bc5 Kg7 43. Bd4+ Kf8 44. g4 f5 45. Bc5+ Kg7 46. gxf5 Bxf5 47. Bb5 Bc2 48. Bd4+ Kf8 49. Kf2 Ke7 50. Bg7 h5 51. Bh6 Kf6 52. Be8 h4 53. Bf8 Kf5 54. Bd7+ Kf6 55. Bc5 1/2-1/2

[Event "SGP-ch 74th"]
[Site "Singapore"]
[Date "2023.02.03"]
[Round "4"]
[White "Rice, Lauren"]
[Black "Burman, Ray Pritish"]
[Result "1/2-1/2"]
[WhiteElo "1594"]
[BlackElo "1516"]
[PlyCount "87"]
[EventDate "2023.01.27"]
[EventType "swiss"]
[EventRounds "9"]
[EventCountry "SIN"]
[SourceTitle "CBM 212 Extra"]
[Source "ChessBase"]
[SourceDate "2023.03.31"]
[SourceVersion "1"]
[SourceVersionDate "2023.03.31"]
[SourceQuality "1"]

1. d4 Nf6 2. c4 g6 3. g3 c6 4. Bg2 d5 5. Nd2 Bg7 6. Ngf3 0-0 7. 0-0 Ne4 8. cxd5 Nxd2 9. Bxd2 cxd5 10. Bc3 Qb6 11. b4 Nc6 12. Rb1 Bf5 13. Rb2 Be4 14. e3 Rfc8 15. Qd2 Qc7 16. b5 Ne5 17. Ba5 Nc4 18. Bxc7 Nxd2 19. Nxd2 Bxg2 20. Rc1 Bh3 21. Rbc2 Bd7 22. a4 e6 23. Nf3 Bf8 24. Ne5 Be8 25. Ng4 Bg7 26. Be5 Rxc2 27. Rxc2 a6 28. Rc7 axb5 29. axb5 Bxb5 30. Rxb7 Be2 31. Bxg7 Bxg4 32. Be5 Bf3 33. Rb8+ Rxb8 34. Bxb8 f5 35. Be5 g5 36. h3 g4 37. h4 Be2 38. Bd6 h5 39. Be5 Kf7 40. Bd6 Ke8 41. Bf4 Kd7 42. Be5 Kc6 43. Bf4 Kb5 44. Be5 1/2-1/2

[Event "SGP-ch 74th"]
[Site "Singapore"]
[Date "2023.01.27"]
[Round "1"]
[White "Wong, Zhenyong Jayden"]
[Black "Rice, Lauren"]
[Result "1-0"]
[WhiteElo "2292"]
[BlackElo "1594"]
[PlyCount "63"]
[EventDate "2023.01.27"]
[EventType "swiss"]
[EventRounds "9"]
[EventCountry "SIN"]
[SourceTitle "CBM 212 Extra"]
[Source "ChessBase"]
[SourceDate "2023.03.31"]
[SourceVersion "1"]
[SourceVersionDate "2023.03.31"]
[SourceQuality "1"]

1. c4 Nf6 2. Nc3 c5 3. g3 g6 4. Bg2 Bg7 5. Nf3 0-0 6. d4 d5 7. dxc5 Qa5 8. cxd5 Nxd5 9. Qxd5 Bxc3+ 10. Bd2 Rd8 11. Qxd8+ Qxd8 12. Bxc3 Nc6 13. 0-0 Bd7 14. b4 Qc8 15. Rfc1 a5 16. b5 Nb4 17. Bxb4 axb4 18. c6 bxc6 19. Ne5 Ra7 20. b6 Ra6 21. Nxd7 Qxd7 22. Bxc6 Qd6 23. b7 Kg7 24. Bf3 Rb6 25. Rc6 Rxc6 26. Bxc6 h5 27. Bg2 Qc7 28. Rb1 Qb6 29. Rc1 b3 30. axb3 Qxb3 31. h4 g5 32. Rc8 1-0

[Event "Perth op"]
[Site "Perth"]
[Date "2023.01.03"]
[Round "3"]
[White "Hardegen, Kathryn"]
[Black "Rice, Lauren"]
[Result "1/2-1/2"]
[WhiteElo "1887"]
[BlackElo "1594"]
[PlyCount "102"]
[EventDate "2023.01.02"]
[EventType "swiss"]
[EventRounds "11"]
[EventCountry "AUS"]
[SourceTitle "CBM 212 Extra"]
[Source "ChessBase"]
[SourceDate "2023.03.31"]
[SourceVersion "1"]
[SourceVersionDate "2023.03.31"]
[SourceQuality "1"]

1. d4 Nf6 2. Nf3 g6 3. Bf4 Bg7 4. h3 d5 5. e3 0-0 6. Be2 c5 7. c3 Nfd7 8. 0-0 Nc6 9. Nbd2 h6 10. Bh2 g5 11. dxc5 Nxc5 12. Qc2 f5 13. Rad1 Qe8 14. Nb3 Nxb3 15. Qxb3 e6 16. Rfe1 Qf7 17. Bb5 g4 18. Bxc6 gxf3 19. Bb5 fxg2 20. Be2 Kh8 21. Kxg2 e5 22. Qxd5 Be6 23. Qf3 Rad8 24. Rxd8 Rxd8 25. Kf1 Bd5 26. Qh5 Qf6 27. Rd1 Rd6 28. c4 Be4 29. Rxd6 Qxd6 30. Qe8+ Kh7 31. f3 Bb1 32. Qf7 Qc5 33. Bg1 Qb4 34. b3 Qd2 35. Bf2 Qxa2 36. Bh4 Qa6 37. b4 Kh8 38. Be7 f4 39. e4 Qa1 40. Qe8+ Kh7 41. Kg2 Qb2 42. Kf1 Qc1+ 43. Kf2 Qe3+ 44. Kf1 Bxe4 45. Qd7 Bxf3 46. Qf5+ Kh8 47. Qc8+ Kh7 48. Qf5+ Kg8 49. Qe6+ Kh8 50. Qc8+ Kh7 51. Qf5+ Kh8 1/2-1/2

[Event "Perth op"]
[Site "Perth"]
[Date "2023.01.03"]
[Round "2"]
[White "Rice, Lauren"]
[Black "Ong, Celine"]
[Result "1-0"]
[WhiteElo "1594"]
[BlackElo "1376"]
[PlyCount "67"]
[EventDate "2023.01.02"]
[EventType "swiss"]
[EventRounds "11"]
[EventCountry "AUS"]
[SourceTitle "CBM 212 Extra"]
[Source "ChessBase"]
[SourceDate "2023.03.31"]
[SourceVersion "1"]
[SourceVersionDate "2023.03.31"]
[SourceQuality "1"]

1. c4 e6 2. d4 d5 3. Nf3 Nf6 4. g3 c6 5. Nbd2 Bd6 6. Bg2 Nbd7 7. 0-0 0-0 8. Qc2 e5 9. cxd5 cxd5 10. dxe5 Nxe5 11. Nxe5 Bxe5 12. Nf3 Bd6 13. Rd1 h6 14. Qb3 Re8 15. Be3 b6 16. Nd4 Bb7 17. Nf5 Bc7 18. Rd2 Re5 19. Qc2 Bc8 20. Nd4 Rh5 21. Nb5 Be5 22. f4 Bb8 23. Qc6 Qe7 24. Qxc8+ Kh7 25. Qc2+ g6 26. Bd4 Ng4 27. Qc3 a6 28. Bf3 Qd7 29. Bh8 d4 30. Qxd4 Qxd4+ 31. Bxd4 Rxb5 32. Bxa8 h5 33. Bc3 Nh6 34. Rd8 1-0

[Event "Asia Nations online Cup (Women)"]
[Site "Chess.com INT"]
[Date "2020.10.19"]
[Round "8.7"]
[White "Chong, Kai Ni Agnes"]
[Black "Rice, Lauren"]
[Result "1-0"]
[WhiteElo "1892"]
[BlackElo "1545"]
[PlyCount "117"]
[EventDate "2020.10.11"]
[EventType "team-swiss (rapid)"]
[EventRounds "9"]
[EventCountry "IND"]
[SourceTitle "CBM 198 Extra"]
[Source "ChessBase"]
[SourceDate "2020.11.30"]
[SourceVersion "1"]
[SourceVersionDate "2020.11.30"]
[SourceQuality "1"]
[WhiteTeam "Malaysia (W)"]
[BlackTeam "Singapore (W)"]
[WhiteTeamCountry "MAS"]
[BlackTeamCountry "SIN"]

1. d4 Nf6 2. c4 g6 3. Nf3 Bg7 4. g3 0-0 5. Bg2 d5 6. cxd5 Nxd5 7. 0-0 c5 8. e3 Nc6 9. e4 Ndb4 10. a3 Na6 11. d5 Nd4 12. Nc3 Bg4 13. Be3 Nxf3+ 14. Bxf3 Bxf3 15. Qxf3 Qb6 16. Qe2 e6 17. Rfd1 Rad8 18. Bg5 Rd7 19. e5 h6 20. Bf6 Bxf6 21. exf6 exd5 22. Nxd5 Qe6 23. Qxe6 fxe6 24. Ne7+ Rxe7 25. fxe7 Re8 26. Rd7 Kf7 27. Rxb7 Rxe7 28. Rb5 c4 29. Ra5 Nb8 30. Rc1 Rc7 31. Ra4 Rb7 32. Rc2 Nd7 33. Raxc4 Ke7 34. Rc7 Rb6 35. Rxa7 Rd6 36. Rcc7 g5 37. Rxd7+ Rxd7 38. Rxd7+ Kxd7 39. Kg2 Kc6 40. Kf3 Kb5 41. Kg4 Ka4 42. Kh5 Kb3 43. Kxh6 e5 44. Kxg5 e4 45. Kf4 e3 46. Kxe3 Ka4 47. h4 Kb3 48. h5 Ka4 49. h6 Kb3 50. h7 Ka4 51. h8Q Kb3 52. Qc3+ Ka2 53. b4 Kb1 54. b5 Ka2 55. b6 Kb1 56. b7 Ka2 57. g4 Kb1 58. b8Q+ Ka2 59. Qbb2# 1-0

[Event "Asia Nations online Cup (Women)"]
[Site "Chess.com INT"]
[Date "2020.10.17"]
[Round "4.7"]
[White "Noshin, Anjum"]
[Black "Rice, Lauren"]
[Result "1-0"]
[WhiteElo "1902"]
[BlackElo "1545"]
[PlyCount "51"]
[EventDate "2020.10.11"]
[EventType "team-swiss (rapid)"]
[EventRounds "9"]
[EventCountry "IND"]
[SourceTitle "CBM 198 Extra"]
[Source "ChessBase"]
[SourceDate "2020.11.30"]
[SourceVersion "1"]
[SourceVersionDate "2020.11.30"]
[SourceQuality "1"]
[WhiteTeam "Bangladesh (W)"]
[BlackTeam "Singapore (W)"]
[WhiteTeamCountry "BAN"]
[BlackTeamCountry "SIN"]

1. e4 c5 2. Nf3 Nc6 3. d4 cxd4 4. Nxd4 e5 5. Nb5 Nf6 6. N1c3 Bb4 7. Nd6+ Bxd6 8. Qxd6 Qe7 9. Nb5 0-0 10. Qxe7 Nxe7 11. Bg5 Ng6 12. Bxf6 gxf6 13. 0-0-0 a6 14. Nc7 Rb8 15. Nd5 Kg7 16. h4 b5 17. h5 Nf4 18. h6+ Kg6 19. Ne7+ Kg5 20. g3 Ng6 21. Nf5 d5 22. Be2 Nf4 23. gxf4+ Kxf4 24. Rh4+ Kg5 25. Rg4+ Kh5 26. Rg8# 1-0

[Event "Online Olym Div2 B"]
[Site "Chess.com INT"]
[Date "2020.08.16"]
[Round "7.6"]
[White "Rice, Lauren"]
[Black "Golsta, Ramona"]
[Result "1-0"]
[WhiteElo "1475"]
[BlackElo "1654"]
[PlyCount "43"]
[EventDate "2020.08.14"]
[EventType "team-tourn (rapid)"]
[EventRounds "9"]
[EventCountry "USA"]
[SourceTitle "CBM 198"]
[Source "ChessBase"]
[SourceDate "2020.10.31"]
[SourceVersion "1"]
[SourceVersionDate "2020.10.31"]
[SourceQuality "1"]
[WhiteTeam "Singapore"]
[BlackTeam "Latvia"]
[WhiteTeamCountry "SIN"]
[BlackTeamCountry "LAT"]

1. c4 Nf6 2. Nc3 e6 3. e4 d5 4. cxd5 exd5 5. e5 Nfd7 6. d4 c6 7. Nf3 Be7 8. Bd3 0-0 9. 0-0 Nb6 10. Rb1 Bg4 11. Qc2 h6 12. Kh1 Bxf3 13. gxf3 Bg5 14. f4 Bh4 15. Rg1 Nc4 16. f5 Nd7 17. Bxh6 g6 18. fxg6 f6 19. g7 Re8 20. Bh7+ Kf7 21. g8Q+ Rxg8 22. Bxg8+ 1-0

[Event "Online Olym Div2 B"]
[Site "Chess.com INT"]
[Date "2020.08.15"]
[Round "6.6"]
[White "Levitan, Ronit"]
[Black "Rice, Lauren"]
[Result "0-1"]
[WhiteElo "1975"]
[BlackElo "1475"]
[PlyCount "68"]
[EventDate "2020.08.14"]
[EventType "team-tourn (rapid)"]
[EventRounds "9"]
[EventCountry "USA"]
[SourceTitle "CBM 198"]
[Source "ChessBase"]
[SourceDate "2020.10.31"]
[SourceVersion "1"]
[SourceVersionDate "2020.10.31"]
[SourceQuality "1"]
[WhiteTeam "Israel"]
[BlackTeam "Singapore"]
[WhiteTeamCountry "ISR"]
[BlackTeamCountry "SIN"]

1. e4 c5 2. c3 e6 3. d4 Nc6 4. d5 exd5 5. exd5 Ne5 6. Qe2 Qe7 7. Be3 d6 8. Qb5+ Nd7 9. Nd2 Ngf6 10. 0-0-0 Qd8 11. Re1 Be7 12. Bxc5 a6 13. Qa4 0-0 14. Bd4 Nxd5 15. Qb3 N5f6 16. Ngf3 b5 17. g4 Bb7 18. Rg1 Nd5 19. g5 Nf4 20. Rg4 Ne6 21. Bh3 Nxd4 22. Nxd4 Ne5 23. Nf5 Nd3+ 24. Kb1 Nxe1 25. Nxe7+ Qxe7 26. g6 Bc8 27. Re4 Qg5 28. gxf7+ Kh8 29. Rxe1 Bxh3 30. c4 Qxd2 31. Rd1 Bf5+ 32. Ka1 Qxf2 33. cxb5 axb5 34. a3 Bc2 0-1